01947cam a2200325 a 4500999001700000001000800017003000400025005001700029008004100046010001700087040001800104041001100122050002200133082001200155100002900167240004600196245012800242260004600370300004100416500005500457500019900512500005600711500012400767505045800891650003901349700002401388906004501412942004101457952012301498 c27069d270693310337OSt20170207112636.0830920q17381755enkaef 000 0 eng  a 83461286  aDLCcDLCdDLC1 aengita00aNA2515 .P253 196500a7202191 aPalladio, Andrea,d1965.10aQuattro libri dell'architettura.lEnglish14aThe four books of architecture /cby Andrea Palladio ... ; literally translated from the original Italian by Isaac Ware ... aLondon :bPrinted for R. Ware ...,c1965. avii, 96 p. :bill., plans ;c41 cm.  aTranslation of: I quattro libri dell'architettura. aAdded engraved general t.p., which reads: The four books of Andrea Palladio's architecture ... London : Published by Isaac Ware, MDCCXXXVII. There are also engraved special t.p.'s for books 2-4. aSignatures: pi1 2pi1 A² b1 B-2F²; 4 engr. t.p.'s. aThe plates are traced and engraved exactly by Isaac Ware from Palladio's original woodcuts. Cf. t.p. and prelim. p. [5]0 a(from t.p.) Book I. Containing the five orders and the most necessary observations in building -- Book II. In which the designs of several houses ordered by him ... are comprised, and the designs of the ancient houses of the Greeks and Latins -- Book III. Wherein the ways, bridges, piazzas, basilica's, and xisti are treated of -- Book IV. Describing and figuring the ancient temples that are in Rome and some others that are in Italy and out of Italy. 0aArchitecturexEarly works to 1800.1 aWare, Isaac,d1965. a7bcbccorignewd2encipf19gy-gencatlg 2lcccBOOKShNA2515 .P253 1965k34531 00102lcc4070aMUCbMUCcTECHd2017-02-07eDonation(BFA)l0oNA2515 .P253 1965p34531r2018-07-23w2017-02-07yBOOKS